• 首页
  • 本馆介绍
  • 公告通知
  • 最新文献
  • 馆藏检索
  • 电子资源
  • 读者导购
  • 参考咨询
  • 我的图书馆
  • 登录
  • 详细信息显示
  • 放入我的书架
  • 预约/预借图书
  • 作者相关作品
  • 分类相关作品
  • 丛书相关作品
  • 出版社相关作品

书目信息

  • 表格格式
  • 工作单格式
  • 卡片格式
题名:
教坛文萃
    
 
作者: 卢其恒 , 杨立元 主编
分册:  
出版信息: 北京   中国国际广播出版社  1997
页数: 444页
开本: 20cm
丛书名:
单 册:
中图分类: G42 , G521-53
科图分类:
主题词: 教育事业--世界
电子资源:
ISBN: 7-5078-1456-4
000 00599nam0 2200205 450
001 0728815141
005 20090617110334.57
010    @a7-5078-1456-4@dCNY16.00
100    @a20070819d1997 km y0chiy0120 ea
101 0  @achi
200 1  @a教坛文萃@Ajiao tan wen cui@f卢其恒,杨立元主编@Flu qi heng,yang li yuan zhu bian
210    @a北京@c中国国际广播出版社@d1997
215    @a444页@d20cm
606 0  @a教育事业@x世界
690    @aG42@v3
690    @aG521-53@v4
701  0 @a卢其恒@Alu qi heng@4主编
701  0 @a杨立元@Ayang li yuan@4主编
801  0 @aCN@bPFT@c20090617
905    @a213230@dG521-53@e132
    
    教坛文萃/卢其恒,杨立元主编.-北京:中国国际广播出版社,1997
    444页;20cm
    
    
    ISBN 7-5078-1456-4:CNY16.00
    
●
相关链接 在E读中查询图书 在五车中查询图书 在当当中查询图书 在豆瓣中查询图书


正题名:教坛文萃     索取号:G521-53/132         预约/预借

序号 登录号 条形码 馆藏地/架位号 状态 备注
1 0626954   206269544   第一样本阅览室/ [索取号:G521-53/132] 在馆    
唐山师范学院图书馆 欢迎您!
大连网信软件有限公司© 版权所有